[Event "ARG-ch Seniors 50"]
[Site "Coronel Pringles"]
[Date "2019.12.13"]
[Round "1.4"]
[White "Wallace, Horacio"]
[Black "Mussanti, Diego"]
[Result "0-1"]
[WhiteElo "1868"]
[BlackElo "2317"]
[PlyCount "67"]
[EventDate "2019.12.13"]
[EventType "swiss"]
[EventRounds "7"]
[EventCountry "ARG"]
[SourceTitle "EXT 2024"]
[Source "ChessBase"]
[SourceDate "2023.10.10"]
[SourceVersion "1"]
[SourceVersionDate "2023.10.10"]
[SourceQuality "1"]

1. e4 c5 2. b4 cxb4 3. a3 Nf6 4. e5 Nd5 5. axb4 Nxb4 6. c3 N4c6 7. d4 d5 8. Bd3 g6 9. Ne2 Bf5 10. Bxf5 gxf5 11. Ng3 e6 12. Qh5 Na6 13. 0-0 Qd7 14. Bg5 Be7 15. Na3 Nc7 16. Rfb1 b6 17. Bxe7 Qxe7 18. Qe2 0-0 19. Nh5 Kh8 20. Nb5 Ne8 21. f4 Na5 22. Ra4 Rc8 23. Qd2 Rc4 24. Rbb4 Rxb4 25. Rxb4 Nc4 26. Qa2 a6 27. Qxa6 Qh4 28. Ng3 Qxf4 29. Qa1 f6 30. exf6 Nxf6 31. Rb1 Qe3+ 32. Kh1 Ng4 33. Qa2 Nf2+ 34. Kg1 0-1